00939nam a22002657a 45000010005000000030006000050050017000110080041000280200018000690400029000870500022001160820014001381000022001522450037001742600037002113000049002484900023002975050008003205200169003285210020004975210020005176500047005376500060005847000029006449819FISKH20260227084040.0260227b cb ||||| |||| 00| 0 eng d a9780531247068 aFISKHbengcFISKHdFISKH aNC1766 .U52 .D547 a791.43092 aMattern , Joanne  aWalt Disney /cBy Joanne Mattern aNew York : bScholastic ,c2003. a32 pages : bcolor illustratios ; c18 cm .  aRookie Biographies aM  aA simple biography of the animator and famous entrepreneur, from his early life and career to his rise to fame and the legacy of the Disney company after his death.8 a560 bLexile 8 aM bRaz-Plus  aDisney Walt 1901-1966vJuvenile Literature aAnimators- United States-BiographyvJuvenile Literature aShepherd , Jodie ePoet